000 00989nam0a22002531 4500
001 rc\1188061
005 20041129090303.4
035 _a(NLR Aleph) 006429391
090 _a5532910
_c5532909
100 _a20041129d1980 u |0rusy50 ca
101 0 _arus
102 _aRU
105 _aa |||||||||
200 1 _aЭкспериментальные исследования эффективности работы забивных свай с уширенной пятой (булавовидных) с учетом фактора времени
_eОбзор
210 _aРига
_cЛатНИИНТИ
_d1980
215 _a71 с.
_cил.
_d20
300 _aВ надзаг.: Латв. НИИ НТИ и техн.-экон. исслед.
320 _aБиблиогр.: с. 65-70 (51 назв.)
700 1 _aФедоров
_bВ. Г.
_gВасилий Григорьевич
801 0 _aRU
_bNLR
_gpsbo
801 1 _aRU
_bELAR
_2rusmarc
852 _aNLR
_j80-4/29912
942 _cBOOK
980 _aNB